Crude oil pipe lines and competition in the oil industry.

Bibliographic Details
Main Author: Cookenboo, Leslie J.
Format: Book
Language:English
Published: Cambridge : Harvard University Press, 1955.
Series:[Harvard University series on competition in American industry] 2
Subjects:

MARC

Tag First Indicator Second Indicator Subfields
LEADER 00000cam a2200000 4500
001 in00000063772
005 20151008050650.0
008 731119s1955 mau b 00000 eng u
010 |a  55010968  
035 |a (OCoLC)00744073 
035 |9 AAG2491AM 
040 |c CSU  |d TXA  |d UtOrBLW 
049 |a TXAM  |c [261369] 
050 0 |a HD9580.U5  |b C6 
082 0 |a 338.2728 
092 |a 338.2728  |b C773c 
100 1 |a Cookenboo, Leslie J. 
245 1 0 |a Crude oil pipe lines and competition in the oil industry. 
264 1 |a Cambridge :  |b Harvard University Press,  |c 1955. 
300 |a vi, 177p :  |b maps,diagrams,tables. ;  |c 22cm. 
336 |a text  |b txt  |2 rdacontent 
337 |a unmediated  |b n  |2 rdamedia 
338 |a volume  |b nc  |2 rdacarrier 
490 0 |a [Harvard University series on competition in American industry] 2 
500 |a Based on thesis, Massachusetts Institute of Technology. 
504 |a Bibliography: pages [171]-172. 
650 0 |a Petroleum pipelines  |z United States. 
650 0 |a Petroleum industry and trade  |z United States. 
999 |a MARS 
999 f f |s 93e7083b-229d-38dc-9d91-3c89adc4e9eb  |i 1765da9b-de44-3e63-90d1-27af68cbbad6  |t 0 
952 f f |p ric  |a Texas A&M University  |b Rellis Campus  |c Joint Library Facility  |d Remote Storage  |t 0  |e HD9580.U5 C6  |h Library of Congress classification  |i unmediated -- volume  |m A14800762633 
998 f f |a HD9580.U5 C6  |t 0  |l Remote Storage